| 000 | 00549nam a2200169Ia 4500 | ||
|---|---|---|---|
| 008 | 220216s9999 xx 000 0 und d | ||
| 100 | _aThomas K.U. | ||
| 245 | 0 | _aExtension of modern exploitation techniques in small holdings | |
| 260 |
_bIRRDB Symposium on Challenges for Natural Rubber in Globalization, 15-17 September 2003, Chiang Mai, Thailand _c2003 |
||
| 650 | _aPanel change | ||
| 650 | _aSmallholdings | ||
| 650 | _aTapping system | ||
| 700 | _aKarunaichamy K. | ||
| 700 | _aRajagopal R. | ||
| 700 | _aVijayakumar K.R. | ||
| 942 | _cBS | ||
| 999 |
_c52962 _d52962 |
||